Mathematical Analysis on Catfish Production Dynamics In Rizal (Record no. 85929)

MARC details
000 -LEADER
fixed length control field 02191nam a22002897a 4500
003 - CONTROL NUMBER IDENTIFIER
control field URS
005 - DATE AND TIME OF LATEST TRANSACTION
control field 20251023094644.0
008 - FIXED-LENGTH DATA ELEMENTS--GENERAL INFORMATION
fixed length control field 250908b ||||| |||| 00| 0 eng d
040 ## - CATALOGING SOURCE
Transcribing agency URS
245 ## - TITLE STATEMENT
Title Mathematical Analysis on Catfish Production Dynamics In Rizal
Remainder of title Laurence C. Gumpal... et al...
260 ## - PUBLICATION, DISTRIBUTION, ETC.
Date of publication, distribution, etc. November 2024
300 ## - PHYSICAL DESCRIPTION
Extent 21 pages.,'
Other physical details Illuestrations,
Dimensions 28 cm.
336 ## - CONTENT TYPE
Source rdacontent
Content type term text
337 ## - MEDIA TYPE
Source rdamedia
Media type term unmediated
338 ## - CARRIER TYPE
Source rdacarrier
Carrier type term volume
502 ## - DISSERTATION NOTE
Dissertation note Thesis
Degree type College of Science
Name of granting institution University of Rizal System-Morong
Year degree granted 2024
520 ## - SUMMARY, ETC.
Summary, etc. Catfish farming in Rizal, Philippines, is an important part of the local economy and helps ensure food security. This study uses a time series analysis model to look at the trends and seasonal indices to see the growth and production happens by months. By analyzing the data that has been collected, it allows us to see the flow and trend of the production for the last three years. The study uses Time Series Model to see how the pattern changes overtime and allows it to project the possible trend for the next year. According to the computation, the production rate has significantly slowed. The researchers use this model to see the data's trend, particularly the peak production. These results show how factors like demand, competitors, and other factors that the researchers haven't considered have a significant impact on catfish production. This synopsis demonstrates how time series models can provide valuable insights that startup entrepreneurs can utilize to comprehend the patterns and trends of catfish production in Rizal. Keywords: Catfish Production, Prediction, Time Series Model, Seasonal Index
700 ## - ADDED ENTRY--PERSONAL NAME
Personal name Laurence C. Gumpal
Relator term Author
700 ## - ADDED ENTRY--PERSONAL NAME
Personal name John Gabriel A. Amador
Relator term Author
700 ## - ADDED ENTRY--PERSONAL NAME
Personal name Eugene L. Aquino
Relator term Author
700 ## - ADDED ENTRY--PERSONAL NAME
Personal name Emmanuelle A. Cerdena
Relator term Author
700 ## - ADDED ENTRY--PERSONAL NAME
Personal name Jallen James F. Julian
Relator term Author
700 ## - ADDED ENTRY--PERSONAL NAME
Personal name Ariston, Ricardo R.
Relator term degree supervisor
856 ## - ELECTRONIC LOCATION AND ACCESS
Materials specified Online Request for Student Unpublished Works
Uniform Resource Identifier <a href="https://forms.gle/7LqvGGkaDrUQqz429">https://forms.gle/7LqvGGkaDrUQqz429</a>
856 ## - ELECTRONIC LOCATION AND ACCESS
Uniform Resource Identifier <a href="https://drive.google.com/file/d/1wzg4ik7p69AxyV7BelbVuAzBmiEmTZOL/view?usp=drive_link">https://drive.google.com/file/d/1wzg4ik7p69AxyV7BelbVuAzBmiEmTZOL/view?usp=drive_link</a>
942 ## - ADDED ENTRY ELEMENTS (KOHA)
Source of classification or shelving scheme Library of Congress Classification
Koha item type Theses and dissertations
Holdings
Withdrawn status Source of classification or shelving scheme Damaged status Not for loan Collection code Home library Current library Date acquired Total Checkouts Barcode Date last seen Price effective from Koha item type
  Library of Congress Classification     Reference Morong College Library Morong College Library 09/08/2025   URSMOR-CL-0744 09/08/2025 09/08/2025 Theses and dissertations

University of Rizal System
Email us at univlibservices@urs.edu.ph

Visit our Website www.urs.edu.ph/library